| 000 | 01443cam a2200373 a 4500 | ||
|---|---|---|---|
| 001 | 1579684 | ||
| 003 | DLC | ||
| 005 | 20171017122057.0 | ||
| 008 | 930719s1994 nyua j 000 1 spa | ||
| 010 | _a 93029904 | ||
| 020 | _a0679854312 (pbk.) | ||
| 020 | _a9780679854312 (pbk.) | ||
| 024 | _a090129854318 | ||
| 040 |
_aDLC _cDLC _dDLC |
||
| 041 | 1 |
_aspa _heng |
|
| 042 | _alcac | ||
| 050 | 0 | 0 |
_aPZ73 _b.B394 1994 |
| 100 | 1 |
_aBerenstain, Stan, _d1923-2005. |
|
| 240 | 1 | 0 |
_aBerenstain Bears, no girls allowed. _lSpanish |
| 245 | 1 | 4 |
_aLos Osos Berenstain, no se permiten niñas / _cStan & Jan Berenstain ; traducción de Rita Guibert. |
| 260 |
_aNew York : _bRandom House, _cc1994. |
||
| 300 |
_a1 v. (unpaged) : _bcol. ill. ; _c20 cm. |
||
| 490 | 1 | _aFirst time books | |
| 520 | _aAnnoyed that Sister Bear always beats them at baseball and other "boy" type activities, her brother and other male cubs try to exclude her from their new club. | ||
| 650 | 1 |
_aSex role _xFiction. |
|
| 650 | 1 |
_aBrothers and sisters _xFiction. |
|
| 650 | 1 |
_aClubs _xFiction. |
|
| 650 | 1 |
_aBears _xFiction. |
|
| 650 | 1 | _aSpanish language materials. | |
| 700 | 1 |
_aBerenstain, Jan, _d1923-2012. |
|
| 800 | 1 |
_aBerenstain, Stan, _d1923-2005. _tFirst time books. |
|
| 942 | _cBK | ||
| 999 |
_c18949 _d18949 |
||